African-Americans in the old west / (Record no. 5289)

MARC details
000 -LEADER
fixed length control field 00781nam a22002537a 4500
001 - CONTROL NUMBER
control field 5289
003 - CONTROL NUMBER IDENTIFIER
control field FISKH
005 - DATE AND TIME OF LATEST TRANSACTION
control field 20250602101806.0
008 - FIXED-LENGTH DATA ELEMENTS--GENERAL INFORMATION
fixed length control field 241125b cb ||||| |||| 00| 0 eng d
020 ## - INTERNATIONAL STANDARD BOOK NUMBER
International Standard Book Number 9780516263489
040 ## - CATALOGING SOURCE
Original cataloging agency FISKH
Language of cataloging eng
Transcribing agency FISKH
Modifying agency FISKH
050 ## - LIBRARY OF CONGRESS CALL NUMBER
Classification number E185.M36
082 ## - DEWEY DECIMAL CLASSIFICATION NUMBER
Classification number 978.00496073
100 ## - MAIN ENTRY--PERSONAL NAME
Personal name McGowen, Tom
Dates associated with a name (1927–2015)
245 ## - TITLE STATEMENT
Title African-Americans in the old west /
Statement of responsibility, etc. Tom McGowen
250 ## - EDITION STATEMENT
Edition statement 1998
260 ## - PUBLICATION, DISTRIBUTION, ETC.
Place of publication, distribution, etc. Canada :
Name of publisher, distributor, etc. Children,
Date of publication, distribution, etc. 1998.
300 ## - PHYSICAL DESCRIPTION
Extent 30 pages :
Other physical details Color illustrations ;
Dimensions 24 cm
520 ## - SUMMARY, ETC.
Summary, etc. Describes the important role of freed slaves and other African-Americans in the settlement of the West.
650 ## - SUBJECT ADDED ENTRY--TOPICAL TERM
Source of heading or term Non-fiction
Topical term or geographic name entry element African American
650 ## - SUBJECT ADDED ENTRY--TOPICAL TERM
Source of heading or term Social studies
Topical term or geographic name entry element Juvenile
942 ## - ADDED ENTRY ELEMENTS (KOHA)
Source of classification or shelving scheme Dewey Decimal Classification
Koha item type Books
Suppress in OPAC No
Holdings
Withdrawn status Lost status Source of classification or shelving scheme Damaged status Not for loan Collection Home library Current library Shelving location Date acquired Total Checkouts Full call number Barcode Date last seen Copy number Price effective from Koha item type
    Dewey Decimal Classification     Non-Fiction Footprints International School Library Network Toul Kork Campus Footprints International School Library Network Toul Kork Campus A TK Campus, 4th Floor, Room B401, Non-Fiction Bookcases(7-8) 11/25/2024   MCG 978.00496073 E185.M36 FISTK04826 11/25/2024 1 11/25/2024 Books
    Dewey Decimal Classification     Non-Fiction Footprints International School Library Network Toul Kork Campus Footprints International School Library Network Toul Kork Campus A TK Campus, 4th Floor, Room B401, Non-Fiction Bookcases(7-8) 11/25/2024   MCG 978.00496073 E185.M36 FISSE00815 01/15/2025 2 11/25/2024 Books
    Dewey Decimal Classification     Non-Fiction Footprints International School Library Network Toul Kork Campus Footprints International School Library Network Toul Kork Campus A TK Campus, 4th Floor, Room B401, Non-Fiction Bookcases(7-8) 06/02/2025   MCG 978.00496073 E185.M36 FISTK05613 06/02/2025 3 06/02/2025 Books